Practical English usage
Guardado en:
| Autor principal: | |
|---|---|
| Formato: | Libro |
| Lenguaje: | inglés |
| Publicado: |
Oxford
Oxford University Press
2009
|
| Edición: | 3rd ed. |
| Materias: | |
| Etiquetas: |
Sin Etiquetas, Sea el primero en etiquetar este registro!
|
MARC
| LEADER | 00000nam a2200000 4500 | ||
|---|---|---|---|
| 001 | 0118806 | ||
| 005 | 20221207101242.8 | ||
| 020 | |a 978-0-19-442096-9 | ||
| 020 | |a 0-19-442096-5 | ||
| 041 | 0 | |a eng | |
| 044 | |a GB | ||
| 245 | 1 | 0 | |a Practical English usage |c Michael Swan |
| 250 | |a 3rd ed. | ||
| 264 | 1 | |a Oxford |b Oxford University Press |c 2009 | |
| 300 | |a 653 s. | ||
| 610 | 2 | 0 | |a jazykoveda |
| 610 | 2 | 0 | |a terminológia |
| 610 | 2 | 0 | |a angličtina |
| 100 | 1 | |a Swan, Michael | |